000
00403nam a2200145Ia 4500
008
100122s9999 xx 000 0 und d
082
_b
56756
_a
823.08
100
_a
वर्टीकर अर्चना
245
_a
भूकंप
260
_b
सुनंदा जप्तीवाले
_c
1999
300
_a
135
630
_a
भूकंप
730
_a
भूकंप
942
_c
BOOK
999
_c
433106
_d
433103